000 00553nam a2200121Ia 4500
008 220620s9999||||xx |||||||||||||| ||und||
100 _aTajudeen Ade, Akinsooto||Tino, Concetta||Fedeli, Monica
245 0 _aChapter Fostering Critical Reflection in The Frame of Transformative Learning in Adult Education: Italian and Nigerian Comparative Case Studies
546 _aEnglish[eng]
650 _aCritical reflection||transformative learning||comparative studies
856 _uhttps://library.oapen.org/bitstream/20.500.12657/56169/1/14717.pdf
942 _cEB
999 _c22786
_d22786